|
|
|
|
| LEADER |
00000nab a2200000 a 4500 |
| 001 |
vtls000927625 |
| 003 |
SK-MaSNL |
| 005 |
20260319073733.0 |
| 008 |
040720e20011128xo 0 hun |
| 035 |
|
|
|a KE36502
|
| 040 |
|
|
|a KEVKJB
|b slo
|c KEVKJB
|e AACR2
|
| 041 |
1 |
|
|h slo
|
| 044 |
|
|
|a xo
|c SK
|
| 080 |
|
|
|a 353.2
|2 1981
|
| 080 |
|
|
|a 324(437.6)
|2 1981
|
| 100 |
1 |
|
|a Albert, Sándor,
|d 1943-
|4 aut
|9 92664
|
| 245 |
1 |
0 |
|a Elmozdulni a minőség irányába
|b nem mindegy, milyen szakemberek irányítják majd az iskoláinkat, vallja Albert Sándor tanszékvezető tanár
|
| 590 |
|
|
|a Albert, Sándor
|b vysokoškolský profesor, poslanec NR SR, 1943-,
|
| 600 |
1 |
7 |
|a Albert, Sándor,
|d 1943-
|2 KEVKJB
|9 92664
|
| 650 |
0 |
7 |
|a komunálne voľby
|2 KEVKJB
|9 4164
|
| 650 |
0 |
7 |
|a rozhovory
|2 KEVKJB
|9 453585
|
| 651 |
|
7 |
|a Košice (Slovensko)
|2 KEVKJB
|9 18694
|
| 651 |
|
7 |
|a KE,
|2 KEVKJB
|9 877256
|
| 655 |
|
7 |
|a periodikum
|2 snkbucl
|9 29553
|
| 773 |
0 |
8 |
|t Új Szó
|g Roč. 54
|g Roč. 28, č.273, 28.11.2001, s. 8
|
| 852 |
|
|
|a ZVYKNI
|b KIS3GCP
|
| 999 |
|
|
|c 1669929
|d 1671859
|